000
00298 a2200157 4500
001
179128
020
_a
040
_c
Magnum
100
_a
Junqueira, Sonia
240
1
0
_a
Marcos
_l
por
245
1
0
_a
Marcos
362
0
_a
1899
440
1
_a
Formato
697
_a
MAGNITO: I/GERAL
942
_c
BK
999
_c
179128
_d
179128